Pestovatelia bavlny v Pakistane sa ocitli v hlbokej kríze
Produkcia bavlny v Pakistane. Pokles ceny bavlny o 20 percent a strata dotácií. Vplyv na domáci textilný priemysel.
Salvato in:
| Natura: | Capitolo di libro |
|---|---|
| Lingua: | slovacco |
| Soggetti: | |
| Tags: |
Nessun Tag, puoi essere il primo ad aggiungerne!!
|
MARC
| LEADER | 00000naa a2200000 4500 | ||
|---|---|---|---|
| 001 | r036623 | ||
| 005 | 20230824102226.4 | ||
| 041 | 0 | |a slo | |
| 044 | |a SK | ||
| 245 | 1 | 0 | |a Pestovatelia bavlny v Pakistane sa ocitli v hlbokej kríze |
| 520 | |a Produkcia bavlny v Pakistane. Pokles ceny bavlny o 20 percent a strata dotácií. Vplyv na domáci textilný priemysel. | ||
| 610 | 2 | 0 | |a priemysel bavlnársky |
| 610 | 2 | 0 | |a bavlna |
| 610 | 2 | 0 | |a produkcia |
| 610 | 2 | 0 | |a ceny |
| 610 | 2 | 0 | |a Pakistan |
| 610 | 2 | 0 | |a dotácie |